Die Blutschuld der Letten
| Titel: | Die Blutschuld der Letten : die Letten in der estnischen Geschichtsschreibung / Anti Selart |
|---|---|
| Verfasser: | |
| In: |
Städtewesen, Landesherrschaft und historiographische Reflexionen, (2025), Seite 359-371 alle Artikel anzeigen |
| Veröffentlicht: | [2025] |
| Format: | Aufsatz |
| Sprache: | Deutsch |
X
alg: 54354401 001A $03025:15-04-26 001B $03025:16-04-26 $t13:25:02.000 001D $03025:15-04-26 001U $0utf8 001X $00 002@ $0Aou 002C $aText $btxt $2rdacontent 002D $aohne Hilfsmittel zu benutzen $bn $2rdamedia 002E $aBand $bnc $2rdacarrier 003@ $054354401X 007A $054354401X $aHEB 010@ $ager 010E $erda 011@ $a2025 $n[2025] 021A $aDie @Blutschuld der Letten $ddie Letten in der estnischen Geschichtsschreibung $hAnti Selart 028A $BVerfasser $#Selart, Anti $#Selart, A. $4aut $7132782499 $8Selart, Anti$Z1973- [Tp3] $9185374468 031A $h359-371 $j2025 039B $aEnthalten in $8--Aau--. Städtewesen, Landesherrschaft und historiographische Reflexionen. - Berlin : LIT, [2025]. - XXIII, 419 Seiten. - Illustrationen. - ISBN 978-3-643-25220-3 $x202500000000000641 $9543536351 044K $7128706988 $8Loorits, Oskar$Z1900-1961 [Tp1] $9118735381 044K $#Hint, Adolf Edmund $#Chint, Aadu $#Chint, Adolʹf Aleksandrovič $71043826300 $8Hint, Aadu$Z1910-1989 [Tp1] $9333260538 044K $#Žigur, Janis $71157371507 $8Žīgurs, Jānis$Z1915-1988 [Tp3] $9429246676 044K $#Chint, Mati $#Khint, Mati $#Хинт, Мати $71036333159 $8Hint, Mati$Z1937-2019 [Tp1] $9322953804 044K $#Koch, Voldemar $7105765938X $8Kures, Voldemar$Z1893-1987 [Tp1] $9385985746 044K $RGouvernement Estland $REstnische Sozialistische Sowjetrepublik $#Estland $#Estland $#Estland $#Estland (vor 1940) $#Republik Estland $#Estnische Republik $#Eesti $#Eesti Vabariik $#EV $#Estonia $#Republic of Estonia $#Estonie $#Ėstonskaja Respublika $74015587-0 $8Estland [Tg1] $9085035777 044K $RLettin $#Latvians $#Lettons $#Lette $#Letten $74111273-8 $8Letten [Ts1] $9085328669 044K $ROstseefinnen $74036067-2 $8Liven [Ts1] $9085097683 044K $RSchrifttum $RGeschichtswissenschaft $#Historiography $#Historiographie $#Storiografia $#Historiografía $#Historiography $#Geschichtsschreibung $#Geschichtsschreibung $#Historiographie $#Historiografie $#Historisierung Geschichtsschreibung $74020531-9 $8Geschichtsschreibung [Ts1] $9085049425 044K $RNationalbewegung $RNationalbewusstsein $RPatriotismus $#Nationalism $#Nationalisme $#Nazionalismo $#Nacionalismo $#Nationalismus $#Nationalismus $#Nationalismus $#Pannationalismus $74041300-7 $8Nationalismus [Ts1] $9085113069 045F $a907.20947980904 $eDDC23BSB 045F/01 $a907.2 045F/03 $f0904 045F/03 $g4798 045F/03 $g4796 045R $aGeschichte 1800-2000 lok: 54354401 78 exp: 54354401 78 1 #EPN 201B/01 $016-04-26 $t13:13:32.000 201C/01 $015-04-26 201U/01 $0utf8 203@/01 $01339567768 208@/01 $a15-04-26 $be 209A/01 $a/ $f000 $x00 209A/01 $ab*p $x01 220C/01 $akoe 247C/01 $82080>Marburg/Lahn, Herder-Institut, Forschungsbibliothek, Bibliographieportal $9336309341
| LEADER | 00000caa a2200000 c 4500 | ||
|---|---|---|---|
| 001 | 54354401X | ||
| 003 | DE-603 | ||
| 005 | 20260416132502.0 | ||
| 007 | tu | ||
| 008 | 260415s2025 xx |||| | u00||u|ger c | ||
| 035 | |a (DE-599)HEB54354401X | ||
| 040 | |a DE-603 |b ger |c DE-603 |d DE-603 |e rda | ||
| 041 | |a ger | ||
| 082 | 0 | 4 | |8 1\u |a 907.20947980904 |q DE-101 |2 23/BSB |
| 085 | |8 1\u |b 907.2 | ||
| 085 | |8 1\u |z 1 |s 0904 | ||
| 085 | |8 1\u |z 2 |s 4798 | ||
| 085 | |8 1\u |z 2 |s 4796 | ||
| 100 | 1 | |a Selart, Anti |d 1973- |e Verfasser |4 aut |0 (DE-603)185374468 |0 (DE-588)132782499 |2 gnd | |
| 245 | 0 | 0 | |a Die Blutschuld der Letten |b die Letten in der estnischen Geschichtsschreibung |c Anti Selart |
| 264 | 0 | |c [2025] | |
| 336 | |a Text |b txt |2 rdacontent | ||
| 337 | |a ohne Hilfsmittel zu benutzen |b n |2 rdamedia | ||
| 338 | |a Band |b nc |2 rdacarrier | ||
| 600 | 1 | 7 | |a Loorits, Oskar |d 1900-1961 |0 (DE-588)128706988 |0 (DE-603)118735381 |2 gnd |
| 600 | 1 | 7 | |a Hint, Aadu |d 1910-1989 |0 (DE-588)1043826300 |0 (DE-603)333260538 |2 gnd |
| 600 | 1 | 7 | |a Žīgurs, Jānis |d 1915-1988 |0 (DE-588)1157371507 |0 (DE-603)429246676 |2 gnd |
| 600 | 1 | 7 | |a Hint, Mati |d 1937-2019 |0 (DE-588)1036333159 |0 (DE-603)322953804 |2 gnd |
| 600 | 1 | 7 | |a Kures, Voldemar |d 1893-1987 |0 (DE-588)105765938X |0 (DE-603)385985746 |2 gnd |
| 648 | 7 | |a Geschichte 1800-2000 |2 gnd | |
| 650 | 7 | |a Letten |0 (DE-588)4111273-8 |0 (DE-603)085328669 |2 gnd | |
| 650 | 7 | |a Liven |0 (DE-588)4036067-2 |0 (DE-603)085097683 |2 gnd | |
| 650 | 7 | |a Geschichtsschreibung |0 (DE-588)4020531-9 |0 (DE-603)085049425 |2 gnd | |
| 650 | 7 | |a Nationalismus |0 (DE-588)4041300-7 |0 (DE-603)085113069 |2 gnd | |
| 651 | 7 | |a Estland |0 (DE-588)4015587-0 |0 (DE-603)085035777 |2 gnd | |
| 773 | 0 | 8 | |i Enthalten in |t Städtewesen, Landesherrschaft und historiographische Reflexionen |d Berlin : LIT, [2025] |h XXIII, 419 Seiten, Illustrationen |z 9783643252203 |g (2025), Seite 359-371 |w (DE-603)543536351 |
| 924 | 0 | |9 2080 |a (DE-603)1339567768 |b DE-2080 |c HES |d d |g / | |


